Analiza wartości jako czynnik poprawy gospodarki materiałowej w Polsce / (Rekord nr 7507)
| 000 -ETYKIETA REKORDU | |
|---|---|
| podpole kontrolne o stałej długości | 00990naa a22002057a 4500 |
| 003 - IDENTYFIKATOR NUMERU KONTROLNEGO REKORDU | |
| podpole kontrolne | BPK |
| 005 - DATA OSTATNIEJ MODYFIKACJI REKORDU | |
| podpole kontrolne | 20180409111900.0 |
| 008 - POLE O STAŁEJ DŁUGOŚCI - DANE KONTROLNE | |
| podpole kontrolne o stałej długości | 160308b1973 pl ||||| |||| 10| 0 pol |
| 040 ## - ŹRÓDŁO KATALOGOWANIA | |
| Instytucja, która utworzyła rekord | BPK |
| 080 ## - UNIWERSALNA KLASYFIKACJA DZIESIĘTNA - UKD | |
| UKD | 658.566 |
| 100 ## - NAZWA OSOBOWA | |
| Nazwa osobowa | BIELAK, Janusz. |
| Lata pracy | 1969 - 1996. |
| Instytucja | Wyższa Szkoła Inżynierska w Koszalinie - Wydział Budownictwa Lądowego, |
| Wydział | Zespół Organizacji i Ekonomiki Budownictwa |
| 245 ## - TYTUŁ/ODPOWIEDZIALNOŚĆ | |
| Tytuł | Analiza wartości jako czynnik poprawy gospodarki materiałowej w Polsce / |
| Pozostałe elementy strefy tytułu i oznaczenia odpowiedzialności | Janusz Bielak. |
| 260 ## - STREFA ADRESU WYDAWNICZEGO | |
| Data publikacji, dystrybucji/powstania dokumentu | 1973. |
| 500 ## - UWAGI OGÓLNE | |
| Tekst uwagi | Dane z kartoteki bpp. |
| 650 #0 - HASŁO PRZEDMIOTOWE W FORMIE NAZWY OGÓLNEJ LUB JEDNOSTKOWEJ | |
| Nazwa ogólna lub geograficzna | Gospodarka materiałowa. |
| 655 #0 - TERMIN INDEKSOWY - OKREŚLENIE RODZAJU/FORMY DOKUMENTU | |
| Określnie rodzaju/formy dokumentu | Materiały konferencyjne. |
| 711 ## - HASŁO DODATKOWE - NAZWA IMPREZY | |
| Nazwa imprezy | Konferencja Naukowa nt. Kierunki doskonalenia gospodarki materiałowej w przedsiębiorstwach przemysłowych i budownictwie |
| Data imprezy | (1973 ; |
| Miejsce imprezy | Kielce, Polska). |
| 773 ## - TYTUŁ DOKUMENTU MACIERZYSTEGO | |
| Wyrażenie wprowadzające | W : |
| Tytuł | Kierunki doskonalenia gospodarki materiałowej w przedsiębiorstwach przemysłowych i budownictwie : Konferencja Naukowa. - |
| Adres wydawniczy | Kielce, 1973. - |
| 942 ## - HASŁO DODATKOWE - ELEMENTY(KOHA) | |
| Typ dokumentu | Artykuł |
| Schemat klasyfikacji | Uniwersalna klasyfikacja dziesiętna |
Brak dostępnych egzemplarzy.
